La lex sportiva (Record no. 7888)
[ view plain ]
| 000 -LEADER | |
|---|---|
| fixed length control field | 01634nam a2200397 a 4500 |
| 001 - CONTROL NUMBER | |
| control field | ebr10270738 |
| 003 - CONTROL NUMBER IDENTIFIER | |
| control field | CaPaEBR |
| 006 - FIXED-LENGTH DATA ELEMENTS--ADDITIONAL MATERIAL CHARACTERISTICS--GENERAL INFORMATION | |
| fixed length control field | m u |
| 007 - PHYSICAL DESCRIPTION FIXED FIELD--GENERAL INFORMATION | |
| fixed length control field | cr cn||||||||| |
| 008 - FIXED-LENGTH DATA ELEMENTS--GENERAL INFORMATION | |
| fixed length control field | 070727s2007 ne sb 000 0 fre d |
| 010 ## - LIBRARY OF CONGRESS CONTROL NUMBER | |
| Canceled/invalid LC control number | 2007278590 |
| 016 7# - NATIONAL BIBLIOGRAPHIC AGENCY CONTROL NUMBER | |
| Canceled or invalid record control number | B0705502 |
| Source | bccb |
| 020 ## - INTERNATIONAL STANDARD BOOK NUMBER | |
| Cancelled/invalid ISBN | 9004156976 |
| Cancelled/invalid ISBN | 9789004156975 |
| 040 ## - CATALOGING SOURCE | |
| Original cataloging agency | CaPaEBR |
| Transcribing agency | CaPaEBR |
| 035 ## - SYSTEM CONTROL NUMBER | |
| System control number | (OCoLC)503050687 |
| 050 14 - LIBRARY OF CONGRESS CALL NUMBER | |
| Classification number | K3702 |
| Item number | .L395 2007eb |
| 100 1# - MAIN ENTRY--PERSONAL NAME | |
| Personal name | Latty, Franck. |
| 245 13 - TITLE STATEMENT | |
| Title | La lex sportiva |
| Medium | [electronic resource] : |
| Remainder of title | recherche sur le droit transnational / |
| Statement of responsibility, etc | par Franck Latty ; pr�eface de Jacques Rogge ; avant-propos de Alain Pellet. |
| 260 ## - PUBLICATION, DISTRIBUTION, ETC. (IMPRINT) | |
| Place of publication, distribution, etc | Leiden ; |
| -- | Boston : |
| Name of publisher, distributor, etc | Martinus Nijhoff Publishers, |
| Date of publication, distribution, etc | 2007. |
| 300 ## - PHYSICAL DESCRIPTION | |
| Extent | xx, 849 p. |
| 490 1# - SERIES STATEMENT | |
| Series statement | Etudes de droit international ; |
| Volume number/sequential designation | v. 3 |
| 504 ## - BIBLIOGRAPHY, ETC. NOTE | |
| Bibliography, etc | Includes bibliographical references (p. [771]-804). |
| 533 ## - REPRODUCTION NOTE | |
| Type of reproduction | Electronic reproduction. |
| Place of reproduction | Palo Alto, Calif. : |
| Agency responsible for reproduction | ebrary, |
| Date of reproduction | 2013. |
| Note about reproduction | Available via World Wide Web. |
| -- | Access may be limited to ebrary affiliated libraries. |
| 610 20 - SUBJECT ADDED ENTRY--CORPORATE NAME | |
| Corporate name or jurisdiction name as entry element | International Olympic Committee. |
| Corporate name or jurisdiction name as entry element | Court of Arbitration for Sport. |
| Corporate name or jurisdiction name as entry element | World Anti-Doping Agency. |
| 650 #0 - SUBJECT ADDED ENTRY--TOPICAL TERM | |
| Topical term or geographic name as entry element | Sports |
| General subdivision | Law and legislation |
| -- | International cooperation. |
| Topical term or geographic name as entry element | International law. |
| Topical term or geographic name as entry element | International commercial arbitration. |
| Topical term or geographic name as entry element | Athletes |
| General subdivision | Legal status, laws, etc. |
| 655 #7 - INDEX TERM--GENRE/FORM | |
| Genre/form data or focus term | Electronic books. |
| Source of term | local |
| 710 2# - ADDED ENTRY--CORPORATE NAME | |
| Corporate name or jurisdiction name as entry element | ebrary, Inc. |
| 830 #0 - SERIES ADDED ENTRY--UNIFORM TITLE | |
| Uniform title | Etudes de droit international ; |
| Volume number/sequential designation | v. 3. |
| 856 40 - ELECTRONIC LOCATION AND ACCESS | |
| Uniform Resource Identifier | <a href="http://site.ebrary.com/lib/rucke/Doc?id=10270738">http://site.ebrary.com/lib/rucke/Doc?id=10270738</a> |
| Public note | An electronic book accessible through the World Wide Web; click to view |
No items available.
